| 000 | 00630nam a2200157Ia 4500 | ||
|---|---|---|---|
| 008 | 220216s9999 xx 000 0 und d | ||
| 100 | _aThanseem I. | ||
| 245 | 0 | _aCloning of a pathogen inducible B-1,3- glucanase cDNA from Hevea brasiliensis and its over expression in E. coli | |
| 260 |
_bIn: Preprints of Papers. International Natural Rubber Conference, India 2005, 6-8 November 2005, Rubber Research Institute of India, Kottayam, Kerala, India, pp. 475-484. _c2005 |
||
| 650 | _aB-1,3-glucanase | ||
| 650 | _acDNA cloning | ||
| 650 | _aGene expression | ||
| 700 | _aJoseph A. | ||
| 700 | _aThulaseedharan A. | ||
| 942 | _cBS | ||
| 999 |
_c52948 _d52948 |
||